Normal view MARC view

Entry Uniform Title

Number of records used in: 2

001 - CONTROL NUMBER

  • control field: 46739

003 - CONTROL NUMBER IDENTIFIER

  • control field: dpl

005 - DATE AND TIME OF LATEST TRANSACTION

  • control field: 20120509151154.0

008 - FIXED-LENGTH DATA ELEMENTS

  • fixed length control field: 120509|||a|||||| | ||| d

040 ## - CATALOGING SOURCE

  • Original cataloging agency: dpl
  • Transcribing agency: dpl

130 ## - HEADING--UNIFORM TITLE

  • Uniform title: Marxist introductions ; edited by Raymond Williams [and] Steven Lukes

670 ## - SOURCE DATA FOUND

  • Source citation: Work cat.: (dpl)58244: Bloch, Maurice 46738, Marxism and anthropology :, 2011(repr.)

670 ## - SOURCE DATA FOUND

  • Source citation: Work cat.: (dpl)58244: Bloch, Maurice 46738, Marxism and anthropology :, 2011(repr.)

© Delhi Public Library
Hit Counter
free hit counter